| 000 | 00818 a2200217 4500 | ||
|---|---|---|---|
| 003 | NUST | ||
| 005 | 20221114144749.0 | ||
| 010 | _a 91037218 | ||
| 020 | _a067338392X | ||
| 040 | _cNust | ||
| 082 | 0 | 0 | _a512.5,MOO |
| 100 | 1 |
_aMoore, Hal G., _9102588 |
|
| 245 | 1 | 2 |
_aA first course in linear algebra / _cHal G. Moore, Adil Yaqub. |
| 250 | _a2nd ed. | ||
| 260 |
_aNew York, NY : _bHarperCollins, _c1992. |
||
| 300 |
_axv, 491, 56, 4 p. : _bill. ; _c25 cm. |
||
| 505 | _aSystems of Linear Equations and Matrices (Page-1), Determinants (Page-102), Vector Spaces (Page-148), Liner Product Spaces (Page-212), Linear Transformation (Page-296), Eigen values Eigenvectors and Some Application (Page-374). | ||
| 650 | 0 |
_aAlgebras, Linear. _910720 |
|
| 700 | 1 |
_aYaqub, Adil, _d1928- _9102589 |
|
| 942 |
_2ddc _cBK _k512.5,MOO |
||
| 999 |
_c182156 _d182156 |
||